000 00400nam a2200157Ia 4500
005 20250423100906.0
008 250422s9999 xx 000 0 und d
020 _a0890618399
245 0 _aSelections from the black book one : provocative selections by black writers
260 _aChicago
260 _bJamestown
260 _c1989
300 _a124 p
650 _aReading Skills
942 _cBK
999 _c34660
_d34660